Obras escogidas
Gespeichert in:
| 1. Verfasser: | |
|---|---|
| Format: | Buch |
| Sprache: | Spanisch |
| Veröffentlicht: |
Buenos Aires
Platina
1957
|
| Schriftenreihe: | Colección la rosa y la espiga
|
| Schlagworte: | |
| Tags: |
Tag hinzufügen
Keine Tags, Fügen Sie den ersten Tag hinzu!
|
MARC
| LEADER | 00000nam a2200000 a 4500 | ||
|---|---|---|---|
| 001 | UCV8460 | ||
| 003 | CL-VaPUC | ||
| 008 | 910809e19570000AG |||||||||||||||||spa|d | ||
| 082 | 0 | 4 | |a 891.71 |b MAI |2 21 |
| 100 | |a Maiakovski, Vladimir Vladimirovich |e autor |9 302511 | ||
| 245 | 1 | 0 | |a Obras escogidas |
| 300 | |a 4 v | ||
| 942 | |c BK | ||
| 945 | |d 19910809 00:00:00 | ||
| 260 | |a Buenos Aires |b Platina |c 1957 | ||
| 500 | |a v.4: Mi descubrimiento de América - A galope por el mundo | ||
| 650 | 0 | |a Poesías rusas |9 266684 | |
| 583 | |a last modification |c 19910809 00:00:00 |k Rodrigo Vera | ||
| 490 | 0 | |a Colección la rosa y la espiga | |
| 999 | |c 213973 |d 213971 | ||
| 952 | |0 0 |1 0 |2 ddc |4 0 |6 891_710000000000000_MAI_1957 |7 0 |8 P |9 196917 |a BIBARQ |b BIBARQ |d 2019-11-14 |h v.4 |i 2646838 |o 891.71 MAI 1957 |p 2646838 |r 2025-01-20 |w 2019-11-14 |y BK |k ARQ | ||